| 000 | 01705nam a2200217Ia 4500 | ||
|---|---|---|---|
| 999 |
_c37745 _d37745 |
||
| 003 | OSt | ||
| 005 | 20210416132523.0 | ||
| 008 | 160316s2006 xxu||||| |||| 00| 0 eng d | ||
| 020 | _a9780415373500 | ||
| 040 | _cn | ||
| 082 |
_a337.500000 _bHEL |
||
| 100 | _aHelen Nesadurai E S | ||
| 245 | _aGlobalisation and economic seucirty in East Asia : Governance and institutions | ||
| 260 |
_aLondon _bRoutledge _c2006 |
||
| 300 |
_a262p _cxvii |
||
| 365 | _b Gratis | ||
| 505 | _aTable of contents Foreword Acknowledgements Abbreviations 1. Conceptualising Economic Security in an Era of Globalisation: What Does the East Asian Experience Reveal? 2. Economic Security in an Era of Globalisation: Definition and Provision 3. Crafting Thailand's New Social Contract 4. China Confronts Globalisation: Conceptualising Economic Security and Governance 5. Institutional Capacity and Singapore's Developmental State: Managing Economic (In)Security in the Global Economy 6. Globalization, Economic Security and Governance: The Case of Indonesia 7. Taiwan's Economic Security: Confronting the Dual Trends of Globalisation and Governance 8. Vietnam's Economic Security 9. The Limits to Multilateral Economic Governance 10. Does Hegemony Still Matter? Revisiting Regime Formation in the Asia-Pacific 11. Track 1/Track 2 Symbiosis in Asia Pacific Regionalism 12. Non-State Regional Governance Mechanisms for Economic Security: The Case of the ASEAN People's Assembly 13. Japan, East Asian Regionalism and the Politics of Human Security | ||
| 650 | _a1. Foreign Economic Relations - East Asia 2. Economic Security - Globalization - Economic Aspects | ||
| 700 |
_a _a |
||
| 942 |
_2ddc _cBK |
||